[Event "Olomouc Chess Summer 2019 - B1 - Prima Pack Cup"]
[Site "Olomouc (CZE), Hotel Flora"]
[Date "2019.08.15"]
[Round "7"]
[Board "3"]
[White "STEINER, Bruno"]
[Black "MALISOV, Boris"]
[Result "1-0"]
[WhiteElo "2169"]
[BlackElo "2271"]
[PlyCount "79"]
[EventDate "2019.08.10"]
[EventRounds "9"]
[EventCountry "CZE"]

1. d4 c5 2. e3 Nf6 3. Nf3 g6 4. dxc5 Qa5+ 5. Bd2 Qxc5 6. c4 Bg7 7. Bc3 O-O 8.
Be2 b6 9. O-O Bb7 10. Nbd2 d6 11. b4 Qc7 12. Qb3 Nbd7 13. Qb2 Rac8 14. Rfc1 Qb8
15. a4 e5 16. a5 Rfe8 17. Ra3 d5 18. c5 Ne4 19. cxb6 d4 20. exd4 Rxc3 21. Raxc3
exd4 22. bxa7 Qa8 23. Nxe4 Bxe4 24. Rd3 Qxa7 25. Qa2 Bxd3 26. Bxd3 Ne5 27. Nxe5
Bxe5 28. g3 Kg7 29. Qd5 Bf6 30. Kg2 Rb8 31. Rc6 Qa8 32. Bc4 Rf8 33. h4 d3 34.
Bxd3 Rd8 35. Qf3 Be5 36. Bc4 f6 37. Rb6 Qxf3+ 38. Kxf3 Rb8 39. Rxb8 Bxb8 40. b5
 1-0

[Event "Olomouc Chess Summer 2019 - B1 - Prima Pack Cup"]
[Site "Olomouc (CZE), Hotel Flora"]
[Date "2019.08.15"]
[Round "7"]
[Board "4"]
[White "KAGANSKIY, Gleb"]
[Black "SINGH, S. Vikramjit"]
[Result "0-1"]
[WhiteElo "2289"]
[BlackElo "2185"]
[PlyCount "92"]
[EventDate "2019.08.10"]
[EventRounds "9"]
[EventCountry "CZE"]

1. e4 c5 2. Nf3 d6 3. Bb5+ Nc6 4. O-O a6 5. Bxc6+ bxc6 6. Re1 Bg4 7. h3 Bh5 8.
e5 d5 9. e6 fxe6 10. g4 Bf7 11. Ne5 Nf6 12. Nxc6 Qd6 13. Ne5 Nd7 14. Nxf7 Kxf7
15. c4 g5 16. d3 h5 17. Nd2 hxg4 18. Qxg4 Ne5 19. Qg3 Bg7 20. Nf3 Nxf3+ 21.
Qxf3+ Bf6 22. Kf1 Rag8 23. a4 dxc4 24. dxc4 Qd4 25. Qg4 Qxg4 26. hxg4 Rh4 27.
Rb1 Rxg4 28. b3 Bd4 29. Be3 Kf6 30. Ke2 e5 31. Rh1 Bxe3 32. Kxe3 Rh4 33. Rhd1
Rd4 34. Rxd4 cxd4+ 35. Ke4 Ke6 36. Rg1 Rf8 37. Rxg5 Rf4+ 38. Kd3 Rxf2 39. Rg6+
Kf5 40. Rxa6 Rf3+ 41. Kc2 e4 42. Rh6 Rf2+ 43. Kc1 e3 44. Rh1 d3 45. Rd1 Ke4 46.
a5 d2+ {Re1}  0-1

[Event "Olomouc Chess Summer 2019 - B1 - Prima Pack Cup"]
[Site "Olomouc (CZE), Hotel Flora"]
[Date "2019.08.15"]
[Round "7"]
[Board "5"]
[White "KULA, Dominik"]
[Black "WILEY, Tom E"]
[Result "1/2-1/2"]
[WhiteElo "2219"]
[BlackElo "2124"]
[PlyCount "81"]
[EventDate "2019.08.10"]
[EventRounds "9"]
[EventCountry "CZE"]

1. Nf3 Nf6 2. b3 d5 3. Bb2 Bf5 4. g3 e6 5. Bg2 h6 6. O-O Be7 7. d3 O-O 8. Nbd2
Bh7 9. Re1 c5 10. e4 Nc6 11. exd5 exd5 12. Nf1 d4 13. N1d2 Rc8 14. a4 b6 15.
Nc4 Re8 16. Qd2 Qc7 17. Nfe5 Nxe5 18. Rxe5 Bf8 19. Rae1 Rxe5 20. Rxe5 Nd7 21.
Re2 Bf5 22. Qe1 Nf6 23. Bc1 Qd8 24. Bd2 Bg4 25. f3 Bd7 26. Ne5 Be8 27. f4 Nd5
28. g4 f6 29. Nc4 Bf7 30. Qg3 Bd6 31. Nxd6 Qxd6 32. g5 hxg5 33. Qg4 Re8 34.
Rxe8+ Bxe8 35. fxg5 fxg5 36. Qxg5 Bc6 37. h4 Nf6 38. h5 Bxg2 39. h6 Qd7 40.
Kxg2 Qd5+ 41. Qxd5+  1/2-1/2

[Event "Olomouc Chess Summer 2019 - B1 - Prima Pack Cup"]
[Site "Olomouc (CZE), Hotel Flora"]
[Date "2019.08.16"]
[Round "8"]
[Board "1"]
[White "BIOLEK, Richard"]
[Black "WILEY, Tom E"]
[Result "1-0"]
[WhiteElo "2416"]
[BlackElo "2124"]
[PlyCount "123"]
[EventDate "2019.08.10"]
[EventRounds "9"]
[EventCountry "CZE"]

1. e4 e6 2. d4 d5 3. Nc3 Bb4 4. e5 c5 5. dxc5 Nc6 6. Nf3 Nge7 7. Bd3 d4 8. a3
Ba5 9. b4 Nxb4 10. axb4 Bxb4 11. O-O Bxc3 12. Rb1 h6 13. Nd2 Bxd2 14. Bxd2 Qc7
15. Re1 Bd7 16. Qg4 Bc6 17. Qxd4 Rd8 18. Qg4 Rxd3 19. cxd3 Nf5 20. d4 O-O 21.
Bc3 Qd7 22. h4 Qd5 23. h5 Rd8 24. Rbd1 Rd7 25. Ba1 a6 26. f3 Qa2 27. Qf4 Qa5
28. Kf2 Qd8 29. Bc3 Qh4+ 30. Qxh4 Nxh4 31. Rd2 Nf5 32. g4 Ne7 33. Kg3 Nd5 34.
Ba5 g5 35. hxg6 fxg6 36. Rh2 Rh7 37. Bd2 h5 38. Bg5 hxg4 39. Rxh7 Kxh7 40. Kxg4
Kg7 41. Bd8 Nc3 42. Rh1 Ne2 43. Rd1 Nc3 44. Rd3 Nd5 45. Kg5 Nb4 46. Rd2 Bxf3
47. Rb2 Nd3 48. Rb3 Be4 49. c6 bxc6 50. Rb7+ Kf8 51. Bb6 Bd5 52. Kf6 Kg8 53.
Rg7+ Kf8 54. Ra7 Kg8 55. Kxg6 Nf4+ 56. Kg5 Nh3+ 57. Kf6 Nf2 58. Bc5 Ng4+ 59.
Kg6 Be4+ 60. Kg5 Nh2 61. Rxa6 Nf3+ 62. Kh6  1-0

[Event "Olomouc Chess Summer 2019 - B1 - Prima Pack Cup"]
[Site "Olomouc (CZE), Hotel Flora"]
[Date "2019.08.16"]
[Round "8"]
[Board "2"]
[White "SINGH, S. Vikramjit"]
[Black "KULA, Dominik"]
[Result "1-0"]
[WhiteElo "2185"]
[BlackElo "2219"]
[PlyCount "111"]
[EventDate "2019.08.10"]
[EventRounds "9"]
[EventCountry "CZE"]

1. d4 f5 2. c4 Nf6 3. g3 g6 4. Bg2 Bg7 5. Nf3 O-O 6. O-O d6 7. Nc3 Qe8 8. Re1
Qf7 9. b3 Ne4 10. Bb2 Nc6 11. Rc1 e5 12. e3 a5 13. a3 Nxc3 14. Bxc3 e4 15. Ng5
Qe7 16. Nh3 g5 17. f3 exf3 18. Bxf3 Bd7 19. Nf2 Be8 20. Qd2 a4 21. b4 Bg6 22.
Nd3 Qd7 23. b5 Nd8 24. Nb4 Ra7 25. b6 cxb6 26. Nd5 b5 27. cxb5 Qxb5 28. Bb4 Nf7
29. Rc7 Kh8 30. Rec1 f4 31. gxf4 gxf4 32. Nxf4 Ng5 33. Bg2 Be4 34. Bxe4 Nxe4
35. Qg2 Qg5 36. Qxg5 Nxg5 37. Nh5 Nf7 38. Nxg7 Kxg7 39. Bxd6 Rd8 40. Rf1 Rxd6
41. Rfxf7+ Kg6 42. Rxb7 Ra5 43. Kf2 h6 44. Rg7+ Kh5 45. Kg3 Rc6 46. Rbc7 Re6
47. Rc3 Rf5 48. Rg4 Rb6 49. Rc5 Rxc5 50. dxc5 Rb3 51. Rc4 Rxa3 52. c6 Rxe3+ 53.
Kf4 Re8 54. c7 Rc8 55. Ke5 a3 56. Kd6  1-0

[Event "Olomouc Chess Summer 2019 - B1 - Prima Pack Cup"]
[Site "Olomouc (CZE), Hotel Flora"]
[Date "2019.08.16"]
[Round "8"]
[Board "3"]
[White "MALISOV, Boris"]
[Black "KAGANSKIY, Gleb"]
[Result "1-0"]
[WhiteElo "2271"]
[BlackElo "2289"]
[PlyCount "105"]
[EventDate "2019.08.10"]
[EventRounds "9"]
[EventCountry "CZE"]

1. e4 e6 2. d3 d5 3. Nd2 Nf6 4. Ngf3 c5 5. g3 Nc6 6. Bg2 Be7 7. O-O O-O 8. Re1
b5 9. b3 b4 10. a3 bxa3 11. Bxa3 Nb4 12. exd5 exd5 13. Nf1 Re8 14. Qd2 a5 15.
Ne3 Rb8 16. Bb2 Ng4 17. Nxg4 Bxg4 18. Ne5 Bf6 19. Bc3 Bxe5 20. Rxe5 d4 21.
Rxe8+ Qxe8 22. Bxb4 axb4 23. h3 Be6 24. Qg5 Rc8 25. Ra5 f6 26. Qf4 Qd7 27. h4
Qc7 28. Qxc7 Rxc7 29. Bf3 Kf7 30. Kf1 Ke7 31. Ke2 g5 32. hxg5 fxg5 33. Ra8 Kf6
34. Be4 Kg7 35. f4 Bg4+ 36. Kf2 Bd1 37. Ra2 gxf4 38. gxf4 Rf7 39. Kg3 h5 40. f5
Kf8 41. Kf4 h4 42. Bd5 Rd7 43. Be6 Re7 44. Ra1 Bxc2 45. Bc4 h3 46. f6 Re2 47.
Ra8+ Re8 48. Ra7 Re1 49. Rh7 Ke8 50. Rxh3 Bd1 51. Rh8+ Kd7 52. f7 Rf1+ 53. Kg3
 1-0

[Event "Olomouc Chess Summer 2019 - B1 - Prima Pack Cup"]
[Site "Olomouc (CZE), Hotel Flora"]
[Date "2019.08.16"]
[Round "8"]
[Board "4"]
[White "VOKOUN, Jan"]
[Black "STEINER, Bruno"]
[Result "1-0"]
[WhiteElo "2082"]
[BlackElo "2169"]
[PlyCount "115"]
[EventDate "2019.08.10"]
[EventRounds "9"]
[EventCountry "CZE"]

1. e4 e5 2. Nf3 Nc6 3. Bb5 a6 4. Ba4 Nf6 5. d3 b5 6. Bb3 Bc5 7. c3 d6 8. O-O
O-O 9. h3 Be6 10. Bc2 Bb6 11. Re1 Ne7 12. Nbd2 Ng6 13. Nf1 c6 14. d4 h6 15. Ng3
Re8 16. Nf5 Qc7 17. Be3 Rad8 18. Qc1 exd4 19. N3xd4 Bxf5 20. Nxf5 Bxe3 21. Rxe3
d5 22. exd5 Nxd5 23. Rxe8+ Rxe8 24. Qd2 Qe5 25. g3 Qf6 26. Re1 Ne5 27. Kg2 Rd8
28. Qe2 Nc4 29. Bd3 Ncb6 30. Nd4 g6 31. Qf3 c5 32. Nc2 Qxf3+ 33. Kxf3 Nxc3 34.
Bxg6 Nca4 35. Be4 Nxb2 36. Bb7 Rd2 37. Re8+ Kg7 38. Ne3 N2c4 39. Bxa6 Nxe3 40.
fxe3 b4 41. Rb8 Nd7 42. Rb7 Rxa2 43. Bb5 Nf6 44. Bc4 Rc2 45. Bxf7 Rc3 46. g4
Kf8 47. Be6 c4 48. Rxb4 Nh7 49. h4 Ke7 50. Bxc4 Nf6 51. Rb7+ Kd6 52. Rb6+ Ke7
53. Re6+ Kf7 54. Ra6+ Kg7 55. Ra7+ Kg6 56. Bf7+ Kg7 57. Be6+ Kg6 58. Bf5#  1-0

[Event "Olomouc Chess Summer 2019 - B1 - Prima Pack Cup"]
[Site "Olomouc (CZE), Hotel Flora"]
[Date "2019.08.16"]
[Round "8"]
[Board "5"]
[White "PLISCHKI, Sebastian"]
[Black "CAMARENA JIMENEZ, Rufino"]
[Result "1/2-1/2"]
[WhiteElo "2391"]
[BlackElo "2317"]
[PlyCount "21"]
[EventDate "2019.08.10"]
[EventRounds "9"]
[EventCountry "CZE"]

1. d4 d5 2. c4 dxc4 3. e3 Nf6 4. Bxc4 e6 5. Nf3 c5 6. O-O a6 7. b3 Nbd7 8. Bb2
b5 9. Be2 Bb7 10. a4 b4 11. Nbd2  1/2-1/2

[Event "Olomouc Chess Summer 2019 - B1 - Prima Pack Cup"]
[Site "Olomouc (CZE), Hotel Flora"]
[Date "2019.08.17"]
[Round "9"]
[Board "2"]
[White "STEINER, Bruno"]
[Black "PLISCHKI, Sebastian"]
[Result "0-1"]
[WhiteElo "2169"]
[BlackElo "2391"]
[PlyCount "68"]
[EventDate "2019.08.10"]
[EventRounds "9"]
[EventCountry "CZE"]

1. e4 c6 2. d4 d5 3. exd5 cxd5 4. c4 Nf6 5. Nc3 Nc6 6. Bg5 e6 7. Nf3 Be7 8. a3
O-O 9. Bd3 dxc4 10. Bxc4 b6 11. O-O Bb7 12. Qd3 Rc8 13. Rad1 Nd5 14. Bxe7 Ncxe7
15. Ba2 Nf4 16. Qe3 Ned5 17. Nxd5 Nxd5 18. Qd3 Nf4 19. Qe3 Qf6 20. Bb1 Nh3+ 21.
Kh1 Bxf3 22. gxf3 Rfd8 23. Be4 Nf4 24. Rg1 Nd5 25. Qd3 g6 26. Qa6 Rc7 27. Rd2
Rcd7 28. Rgd1 Kg7 29. Qf1 Nf4 30. Qc4 Kg8 31. Bc6 Rd6 32. Be4 Qh4 33. Qc3 Rd5
34. Bxd5 Rxd5  0-1

[Event "Olomouc Chess Summer 2019 - B1 - Prima Pack Cup"]
[Site "Olomouc (CZE), Hotel Flora"]
[Date "2019.08.17"]
[Round "9"]
[Board "3"]
[White "KAGANSKIY, Gleb"]
[Black "VOKOUN, Jan"]
[Result "1/2-1/2"]
[WhiteElo "2289"]
[BlackElo "2082"]
[PlyCount "20"]
[EventDate "2019.08.10"]
[EventRounds "9"]
[EventCountry "CZE"]

1. d4 d5 2. c4 c6 3. cxd5 cxd5 4. Nc3 Nc6 5. Nf3 Nf6 6. Bf4 e6 7. e3 Bd6 8.
Bxd6 Qxd6 9. Bd3 a6 10. O-O O-O  1/2-1/2

[Event "Olomouc Chess Summer 2019 - B1 - Prima Pack Cup"]
[Site "Olomouc (CZE), Hotel Flora"]
[Date "2019.08.17"]
[Round "9"]
[Board "4"]
[White "KULA, Dominik"]
[Black "MALISOV, Boris"]
[Result "1/2-1/2"]
[WhiteElo "2219"]
[BlackElo "2271"]
[PlyCount "58"]
[EventDate "2019.08.10"]
[EventRounds "9"]
[EventCountry "CZE"]

1. e4 c6 2. Nc3 d5 3. Nf3 g6 4. d4 Bg7 5. exd5 cxd5 6. Bb5+ Nc6 7. Ne5 Bd7 8.
Nxd7 Qxd7 9. O-O Nf6 10. Bg5 O-O 11. Bxf6 Bxf6 12. Bxc6 Qxc6 13. Ne2 e6 14. c3
Bg7 15. Nf4 a5 16. a4 b6 17. Nd3 Qd6 18. f4 f6 19. Qg4 Rae8 20. Rae1 Qc6 21.
Qd1 Rf7 22. Re3 Rfe7 23. Rfe1 Qd6 24. Qe2 Kf7 25. g4 Qc6 26. Qd1 Qd6 27. Qe2
Qc6 28. Qd1 Qd6 29. Qe2 Qc6  1/2-1/2

[Event "Olomouc Chess Summer 2019 - B1 - Prima Pack Cup"]
[Site "Olomouc (CZE), Hotel Flora"]
[Date "2019.08.17"]
[Round "9"]
[Board "5"]
[White "WILEY, Tom E"]
[Black "SINGH, S. Vikramjit"]
[Result "0-1"]
[WhiteElo "2124"]
[BlackElo "2185"]
[PlyCount "130"]
[EventDate "2019.08.10"]
[EventRounds "9"]
[EventCountry "CZE"]

1. d4 Nf6 2. c4 c5 3. d5 d6 4. Nc3 g6 5. e4 Bg7 6. Bd3 O-O 7. h3 e5 8. g4 Na6
9. Be3 Nc7 10. Nge2 a6 11. a4 b6 12. Ng3 Bd7 13. b3 b5 14. a5 Rb8 15. Kf1 Qe7
16. Kg2 Rb7 17. Ra2 Rfb8 18. Qe2 bxc4 19. bxc4 Rb3 20. Rb1 Rxb1 21. Nxb1 Qd8
22. Rb2 Na8 23. Rxb8 Qxb8 24. Bc1 Qc8 25. f3 h5 26. Bd2 hxg4 27. hxg4 Nh7 28.
Nc3 Bf6 29. Nd1 Bg5 30. Bxg5 Nxg5 31. Qd2 Qd8 32. Nf2 Kg7 33. Be2 f6 34. Nh3
Nf7 35. Nf1 Qb8 36. Ne3 Nc7 37. Nf2 Qb3 38. Bd1 Qa3 39. Bc2 Qb2 40. Kf1 Ng5 41.
Ke2 Ne8 42. Nfd1 Qb8 43. Nc3 Qb4 44. Nb1 Qb2 45. Bd3 Qd4 46. Bc2 Nh3 47. Qxd4
Nf4+ 48. Kf2 exd4 49. Nd1 Kh6 50. Nb2 Kg5 51. Nd3 f5 52. gxf5 gxf5 53. Nxf4
Kxf4 54. exf5 Bxf5 55. Bxf5 Kxf5 56. Nd2 Nf6 57. Kg3 Nh5+ 58. Kh4 Nf6 59. Kg3
Nh5+ 60. Kh4 Nf4 61. Ne4 Ke5 62. Kg4 d3 63. Nd2 Ng2 64. Nb3 Ne3+ 65. Kg5 Nxc4
 0-1

[Event "Olomouc Chess Summer 2019 - B2 - Optimtop Cup"]
[Site "Olomouc (CZE), Hotel Flora"]
[Date "2019.08.10"]
[Round "1"]
[Board "1"]
[White "OBSIVAC, Josef"]
[Black "VALENTA, Vit"]
[Result "1-0"]
[WhiteElo "2247"]
[BlackElo "2198"]
[PlyCount "119"]
[EventDate "2019.08.10"]
[EventRounds "9"]
[EventCountry "CZE"]

1. d4 Nf6 2. c4 g6 3. Nc3 Bg7 4. e4 d6 5. Nf3 O-O 6. Be2 Nbd7 7. h3 e5 8. d5
Nc5 9. Qc2 a5 10. Bg5 h6 11. Be3 b6 12. g4 Nh7 13. Rg1 g5 14. Nd2 f6 15. Nf1
Rf7 16. Ng3 Nf8 17. Nf5 Ng6 18. O-O-O Nf4 19. Rg3 Nd7 20. Rh1 Nf8 21. h4 N8g6
22. hxg5 hxg5 23. Qd1 Bf8 24. Rgg1 Bd7 25. Rh2 Be8 26. Rgh1 Qd7 27. Bxf4 exf4
28. Qf1 Bg7 29. Nb5 Ne7 30. Nbd4 Nxf5 31. Nxf5 Re7 32. f3 Bg6 33. Nxe7+ Qxe7
34. Bd1 Qe5 35. Ba4 Rd8 36. Qd3 Kf7 37. a3 Ke7 38. Rd2 Kf7 39. Qb3 Kf8 40. Bc6
Ke7 41. Qd1 Kf7 42. Rh3 Ke7 43. Qa4 Bh8 44. Bd7 Bg7 45. Bf5 Be8 46. Qd1 Bf7 47.
Rh7 Rg8 48. Qg1 Kf8 49. Qd4 Qe8 50. Qc3 Qa4 51. Rdh2 Qe8 52. Kb1 Qa4 53. Qc2
Qxc2+ 54. Kxc2 Ke7 55. b4 axb4 56. axb4 Bf8 57. Rxf7+ Kxf7 58. Be6+ Kg7 59.
Bxg8 Kxg8 60. Kb3  1-0

[Event "Olomouc Chess Summer 2019 - B2 - Optimtop Cup"]
[Site "Olomouc (CZE), Hotel Flora"]
[Date "2019.08.10"]
[Round "1"]
[Board "2"]
[White "PANCZYK, Krzysztof"]
[Black "MICHALEK, Jan"]
[Result "0-1"]
[WhiteElo "2344"]
[BlackElo "2237"]
[PlyCount "48"]
[EventDate "2019.08.10"]
[EventRounds "9"]
[EventCountry "CZE"]

1. d4 Nf6 2. c4 g6 3. Nc3 Bg7 4. e4 d6 5. Bd3 O-O 6. Nge2 a6 7. O-O Nbd7 8. f4
c5 9. d5 b5 10. Ng3 bxc4 11. Bxc4 Nb6 12. Be2 Qc7 13. f5 Nfd7 14. Bg5 Bd4+ 15.
Kh1 f6 16. Bh6 Rf7 17. fxg6 hxg6 18. Bg4 Ne5 19. Bxc8 Qxc8 20. Nge2 Bxc3 21.
bxc3 Nbc4 22. Bf4 Qg4 23. h3 Rh7 24. Bxe5 Ne3  0-1

[Event "Olomouc Chess Summer 2019 - B2 - Optimtop Cup"]
[Site "Olomouc (CZE), Hotel Flora"]
[Date "2019.08.10"]
[Round "1"]
[Board "3"]
[White "ZVOLANEK, Libor"]
[Black "LEVI, Netanel"]
[Result "0-1"]
[WhiteElo "2150"]
[BlackElo "2143"]
[PlyCount "46"]
[EventDate "2019.08.10"]
[EventRounds "9"]
[EventCountry "CZE"]

1. e4 c5 2. Nf3 Nc6 3. d3 g6 4. g3 Bg7 5. Bg2 e5 6. Be3 d6 7. Qd2 Nge7 8. Nc3
O-O 9. h4 h5 10. O-O Rb8 11. a3 b6 12. b4 cxb4 13. axb4 Nxb4 14. Nb5 a5 15. c3
Nbc6 16. d4 Ba6 17. Rfb1 d5 18. Nxe5 Nxe5 19. dxe5 dxe4 20. Qxd8 Rfxd8 21. Bg5
Rd7 22. Nd4 Bxe5 23. Rxa5 bxa5  0-1

[Event "Olomouc Chess Summer 2019 - B2 - Optimtop Cup"]
[Site "Olomouc (CZE), Hotel Flora"]
[Date "2019.08.10"]
[Round "1"]
[Board "4"]
[White "ARPITA, Mukherjee"]
[Black "JUREK, Josef"]
[Result "1-0"]
[WhiteElo "2290"]
[BlackElo "2244"]
[PlyCount "65"]
[EventDate "2019.08.10"]
[EventRounds "9"]
[EventCountry "CZE"]

1. e4 e6 2. d4 d5 3. Nd2 c5 4. Ngf3 a6 5. exd5 exd5 6. dxc5 Bxc5 7. Nb3 Bb6 8.
Bd3 Qe7+ 9. Qe2 Bg4 10. O-O Qxe2 11. Bxe2 Nc6 12. h3 Bf5 13. c3 Nf6 14. Bg5 Ne4
15. Bf4 O-O 16. Rad1 Rfe8 17. Bd3 h6 18. Bb1 g5 19. Bh2 g4 20. Nfd4 Nxd4 21.
Nxd4 Bxd4 22. Rxd4 gxh3 23. f3 hxg2 24. Kxg2 Re6 25. fxe4 Bxe4+ 26. Bxe4 dxe4
27. Bf4 Rae8 28. Be3 Rg6+ 29. Kh3 h5 30. Rd7 Rf8 31. Rf5 h4 32. Kxh4 b5 33. Rg5
 1-0

[Event "Olomouc Chess Summer 2019 - B2 - Optimtop Cup"]
[Site "Olomouc (CZE), Hotel Flora"]
[Date "2019.08.10"]
[Round "1"]
[Board "5"]
[White "JEDLICKA, Ales"]
[Black "YAO, Lan"]
[Result "1/2-1/2"]
[WhiteElo "2227"]
[BlackElo "2320"]
[PlyCount "88"]
[EventDate "2019.08.10"]
[EventRounds "9"]
[EventCountry "CZE"]

1. d4 Nf6 2. c4 e6 3. Nf3 b6 4. g3 Bb7 5. Bg2 Be7 6. O-O O-O 7. Nc3 Ne4 8. Bd2
Bf6 9. Rc1 Nxd2 10. Qxd2 d6 11. d5 e5 12. e4 Nd7 13. h4 a5 14. Bh3 Nc5 15. Kg2
Bc8 16. Bxc8 Qxc8 17. Qe2 Be7 18. Nd2 Qd7 19. b3 f5 20. exf5 Rxf5 21. Nde4 Nxe4
22. Nxe4 Raf8 23. Rc3 Qe8 24. Rh1 Qf7 25. h5 h6 26. g4 Rf4 27. f3 Qe8 28. Re3
Qd8 29. Ng3 Bh4 30. Ne4 Bg5 31. Rf1 R4f7 32. Rc3 Bf4 33. Rh1 Qa8 34. Qd3 Qd8
35. a3 Qd7 36. a4 Qe7 37. Qc2 Bg5 38. Qe2 Rf4 39. Rh3 Qd8 40. Rd3 Bh4 41. Re3
Qe7 42. Rh1 Bg5 43. Rd3 Qd8 44. Rh3 Qe7  1/2-1/2

[Event "Olomouc Chess Summer 2019 - B2 - Optimtop Cup"]
[Site "Olomouc (CZE), Hotel Flora"]
[Date "2019.08.11"]
[Round "2"]
[Board "1"]
[White "VALENTA, Vit"]
[Black "YAO, Lan"]
[Result "0-1"]
[WhiteElo "2198"]
[BlackElo "2320"]
[PlyCount "100"]
[EventDate "2019.08.10"]
[EventRounds "9"]
[EventCountry "CZE"]

1. b4 Nf6 2. Bb2 g6 3. Nf3 Bg7 4. g3 d5 5. Bg2 c6 6. a3 a5 7. O-O O-O 8. d3
Nbd7 9. Nbd2 Qc7 10. c4 e5 11. e4 dxe4 12. dxe4 b6 13. Qc2 Re8 14. Bc3 Bb7 15.
Ne1 Nf8 16. Nd3 N6d7 17. f4 Ne6 18. Qb2 exf4 19. Bxg7 Nxg7 20. gxf4 Qd6 21. Qc3
Rad8 22. Rad1 axb4 23. axb4 c5 24. e5 Qc7 25. Bd5 cxb4 26. Qxb4 Nf5 27. Rfe1
Nd4 28. Qb2 Ne6 29. Ne4 Re7 30. Nd6 Bxd5 31. cxd5 Nxf4 32. Nxf4 Nxe5 33. Rxe5
Qxd6 34. Rxe7 Qxe7 35. Qd4 Rd6 36. Rd2 Qg5+ 37. Ng2 b5 38. Rc2 Qd8 39. Rc5 b4
40. Qc4 Qf6 41. Qxb4 Qa1+ 42. Qe1 Qd4+ 43. Qf2 Qd1+ 44. Qe1 Qd4+ 45. Qe3 Qd1+
46. Ne1 Qg4+ 47. Kh1 Rf6 48. Qg3 Qe4+ 49. Nf3 Rxf3 50. Qb8+ Kg7  0-1

[Event "Olomouc Chess Summer 2019 - B2 - Optimtop Cup"]
[Site "Olomouc (CZE), Hotel Flora"]
[Date "2019.08.11"]
[Round "2"]
[Board "2"]
[White "JUREK, Josef"]
[Black "JEDLICKA, Ales"]
[Result "1/2-1/2"]
[WhiteElo "2244"]
[BlackElo "2227"]
[PlyCount "63"]
[EventDate "2019.08.10"]
[EventRounds "9"]
[EventCountry "CZE"]

1. Nf3 Nf6 2. c4 g6 3. d4 Bg7 4. g3 O-O 5. Bg2 d6 6. Nc3 Nbd7 7. O-O e5 8. e4
c6 9. h3 Qb6 10. Re1 exd4 11. Nxd4 Re8 12. Na4 Qa5 13. b3 Ne5 14. Bd2 Qc7 15.
Qc2 c5 16. Nb5 Qe7 17. Bg5 h6 18. Bxf6 Bxf6 19. Rad1 Rd8 20. Nac3 Bg7 21. Nd5
Qf8 22. Ndc7 Rb8 23. Nxa7 h5 24. Nxc8 Rbxc8 25. Nd5 Nc6 26. h4 Nd4 27. Qd3 Ra8
28. a4 Kh8 29. Rd2 Nc6 30. Ra2 Bd4 31. Rb1 Qg7 32. Qd1  1/2-1/2

[Event "Olomouc Chess Summer 2019 - B2 - Optimtop Cup"]
[Site "Olomouc (CZE), Hotel Flora"]
[Date "2019.08.11"]
[Round "2"]
[Board "3"]
[White "LEVI, Netanel"]
[Black "ARPITA, Mukherjee"]
[Result "0-1"]
[WhiteElo "2143"]
[BlackElo "2290"]
[PlyCount "134"]
[EventDate "2019.08.10"]
[EventRounds "9"]
[EventCountry "CZE"]

1. e4 c5 2. Nf3 d6 3. Bb5+ Nd7 4. O-O a6 5. Bxd7+ Bxd7 6. d4 cxd4 7. Qxd4 e5 8.
Qd3 h6 9. c4 Nf6 10. Nc3 Qc7 11. a4 Be7 12. Be3 O-O 13. Rfc1 Rac8 14. Nd2 Be6
15. b3 Ng4 16. Nf1 f5 17. Nd5 Qd8 18. f3 fxe4 19. fxe4 Bg5 20. Rc2 Kh8 21. Bb6
Qd7 22. Nfe3 Nxe3 23. Bxe3 Bxd5 24. exd5 Qf5 25. Qxf5 Bxe3+ 26. Qf2 Rxf2 27.
Rxf2 b5 28. axb5 axb5 29. Kf1 Bxf2 30. Kxf2 bxc4 31. bxc4 Rxc4 32. Ra8+ Kh7 33.
Rd8 Rf4+ 34. Ke3 Rf6 35. Rd7 h5 36. g3 Kh6 37. h3 Rg6 38. Kf2 Kg5 39. Kf3 Rf6+
40. Ke3 g6 41. Ke4 h4 42. gxh4+ Kxh4 43. Rh7+ Kg3 44. Ke3 Rf3+ 45. Ke2 Kg2 46.
Rg7 Rf6 47. Rh7 Rf2+ 48. Ke1 Rf4 49. Rg7 Re4+ 50. Kd2 Kf2 51. Rxg6 Rd4+ 52. Kc3
Rxd5 53. h4 e4 54. Rf6+ Ke2 55. h5 Rd3+ 56. Kc2 d5 57. Rd6 d4 58. h6 Rd1 59. h7
d3+ 60. Kc3 Rc1+ 61. Kd4 Rh1 62. Kxe4 d2 63. Kf5 Rxh7 64. Re6+ Kf1 65. Rd6 Rh2
66. Kf4 Ke1 67. Re6+ Re2  0-1

[Event "Olomouc Chess Summer 2019 - B2 - Optimtop Cup"]
[Site "Olomouc (CZE), Hotel Flora"]
[Date "2019.08.11"]
[Round "2"]
[Board "4"]
[White "MICHALEK, Jan"]
[Black "ZVOLANEK, Libor"]
[Result "1-0"]
[WhiteElo "2237"]
[BlackElo "2150"]
[PlyCount "77"]
[EventDate "2019.08.10"]
[EventRounds "9"]
[EventCountry "CZE"]

1. e4 d6 2. d4 Nf6 3. Nc3 g6 4. h3 c6 5. a4 Bg7 6. g4 h5 7. g5 Nh7 8. Bg2 e6 9.
Nf3 d5 10. O-O Na6 11. Re1 Nc7 12. Bf4 O-O 13. Qd3 b6 14. h4 a5 15. Rad1 Ba6
16. Qd2 b5 17. Ne5 b4 18. Ne2 Qe8 19. Nxg6 fxg6 20. Bxc7 Qf7 21. Bg3 Rfd8 22.
Qe3 Nf8 23. c3 Qb7 24. Nc1 Re8 25. Nb3 bxc3 26. Qxc3 Qb4 27. Qxb4 axb4 28. Nc5
Kf7 29. Bd6 Red8 30. e5 Bc8 31. Bh3 Nh7 32. Re3 Bf8 33. Rf3+ Kg7 34. Bc7 Re8
35. a5 Bxc5 36. dxc5 Nf8 37. Ra1 Ba6 38. Rb3 Nd7 39. Bd6  1-0

[Event "Olomouc Chess Summer 2019 - B2 - Optimtop Cup"]
[Site "Olomouc (CZE), Hotel Flora"]
[Date "2019.08.11"]
[Round "2"]
[Board "5"]
[White "OBSIVAC, Josef"]
[Black "PANCZYK, Krzysztof"]
[Result "1-0"]
[WhiteElo "2247"]
[BlackElo "2344"]
[PlyCount "67"]
[EventDate "2019.08.10"]
[EventRounds "9"]
[EventCountry "CZE"]

1. d4 Nf6 2. c4 e6 3. Nf3 c5 4. d5 exd5 5. cxd5 d6 6. Nc3 g6 7. Nd2 Bg7 8. e4
O-O 9. Be2 Na6 10. O-O Nc7 11. a4 b6 12. Nc4 Ba6 13. Bg5 Bxc4 14. Bxc4 h6 15.
Bh4 Qd7 16. h3 a6 17. f4 b5 18. e5 bxc4 19. exf6 Bh8 20. Qg4 Qd8 21. f5 Bxf6
22. fxg6 Bxh4 23. gxf7+ Kh8 24. Rf5 Bf6 25. Qg6 Bg7 26. Rh5 Rxf7 27. Qxf7 Qe8
28. Rf1 Qe3+ 29. Kh2 Rf8 30. Qxf8+ Bxf8 31. Rxf8+ Kg7 32. Rf3 Qd2 33. Rhf5 Ne8
34. Rg3+  1-0

[Event "Olomouc Chess Summer 2019 - B2 - Optimtop Cup"]
[Site "Olomouc (CZE), Hotel Flora"]
[Date "2019.08.11"]
[Round "3"]
[Board "1"]
[White "PANCZYK, Krzysztof"]
[Black "VALENTA, Vit"]
[Result "1-0"]
[WhiteElo "2344"]
[BlackElo "2198"]
[PlyCount "81"]
[EventDate "2019.08.10"]
[EventRounds "9"]
[EventCountry "CZE"]

1. d4 Nf6 2. c4 g6 3. Nf3 Bg7 4. g3 d6 5. Bg2 O-O 6. O-O Nbd7 7. Nc3 e5 8. e4
c6 9. h3 Re8 10. d5 c5 11. Ne1 a6 12. a4 Rb8 13. Nd3 Nb6 14. b3 Nbd7 15. Kh2
Qe7 16. Be3 a5 17. Nb5 Nf8 18. Qd2 b6 19. Bg5 Qd7 20. Rae1 h5 21. Bh6 N6h7 22.
Bxg7 Kxg7 23. f4 f6 24. f5 Qe7 25. fxg6 Nxg6 26. h4 Rf8 27. Qe2 f5 28. Qxh5 Nf6
29. Qg5 Ng4+ 30. Kg1 Qxg5 31. hxg5 f4 32. gxf4 exf4 33. Nxd6 Ne3 34. Rf2 Nxg2
35. Kxg2 Nh4+ 36. Kg1 f3 37. e5 Bh3 38. e6 Bf5 39. Nf4 Bg4 40. Re4 Bf5 41. Nh5+
 1-0

[Event "Olomouc Chess Summer 2019 - B2 - Optimtop Cup"]
[Site "Olomouc (CZE), Hotel Flora"]
[Date "2019.08.11"]
[Round "3"]
[Board "2"]
[White "ZVOLANEK, Libor"]
[Black "OBSIVAC, Josef"]
[Result "1/2-1/2"]
[WhiteElo "2150"]
[BlackElo "2247"]
[PlyCount "22"]
[EventDate "2019.08.10"]
[EventRounds "9"]
[EventCountry "CZE"]

1. e4 c5 2. Nf3 e6 3. d3 d5 4. Nbd2 Nc6 5. g3 g6 6. Bg2 Bg7 7. O-O Nf6 8. c3
O-O 9. Re1 e5 10. exd5 Nxd5 11. Nc4 Re8  1/2-1/2